[Event "FRA-ch op-C"]
[Site "Aix les Bains"]
[Date "2007.08.17"]
[Round "4"]
[White "Dimart, Denis"]
[Black "Benmesbah, Sarah"]
[Result "1-0"]
[WhiteElo "1686"]
[BlackElo "1774"]
[PlyCount "133"]
[EventDate "2007.08.13"]
[EventType "swiss"]
[EventRounds "11"]
[EventCountry "FRA"]
[SourceTitle "CBM 120 Extra"]
[Source "ChessBase"]
[SourceDate "2007.11.01"]
[SourceVersion "1"]
[SourceVersionDate "2007.11.01"]
[SourceQuality "1"]

1. d4 f5 2. c4 Nf6 3. Nc3 e6 4. g3 d5 5. cxd5 exd5 6. Bg2 c6 7. Nh3 Bd6 8. 0-0 0-0 9. Qb3 Qe8 10. Bf4 Bxf4 11. Nxf4 Ne4 12. Rfe1 Kh8 13. Rad1 Nd7 14. f3 g5 15. Nfxd5 Nxg3 16. hxg3 cxd5 17. Nxd5 Qh5 18. e4 fxe4 19. Rxe4 Nf6 20. Nxf6 Rxf6 21. Rde1 Bh3 22. R4e3 Bxg2 23. Kxg2 Rh6 24. Kf1 g4 25. f4 Rb6 26. Qc3 Rc6 27. Qd2 Rac8 28. Rc3 Qh1+ 29. Ke2 Rxc3 30. Rxh1 Rc2 31. Rh4 Re8+ 32. Kd3 Rxd2+ 33. Kxd2 Re4 34. Kd3 Re1 35. Rxg4 Ra1 36. a3 a5 37. Rg5 b6 38. d5 b5 39. f5 Rd1+ 40. Ke3 Re1+ 41. Kd4 b4 42. axb4 axb4 43. Kc5 Re5 44. Kxb4 Rxd5 45. Kc4 Rd8 46. b4 Rc8+ 47. Kb3 Rc1 48. b5 Rb1+ 49. Kc4 Rc1+ 50. Kd5 Rb1 51. Kc6 Rc1+ 52. Kb7 h6 53. Rg6 Rc5 54. b6 Rxf5 55. Rxh6+ Kg7 56. Rc6 Kf8 57. Ka6 Rf3 58. b7 Ra3+ 59. Kb6 Rb3+ 60. Kc7 Ke7 61. b8Q Rxg3 62. Qd8+ Kf7 63. Rf6+ Kg7 64. Qe7+ Kh8 65. Rf8+ Rg8 66. Qf6+ Kh7 67. Rf7+ 1-0

[Event "FRA-chT2 South 0607"]
[Site "France"]
[Date "2007.03.31"]
[Round "10.8"]
[White "Benmesbah, Sarah"]
[Black "Bramme, Isabelle"]
[Result "1/2-1/2"]
[WhiteElo "1782"]
[BlackElo "2015"]
[PlyCount "79"]
[EventDate "2006.10.15"]
[EventType "team"]
[EventRounds "11"]
[EventCountry "FRA"]
[SourceTitle "EXT 2008"]
[Source "ChessBase"]
[SourceDate "2007.11.25"]
[SourceVersion "1"]
[SourceVersionDate "2007.11.25"]
[SourceQuality "1"]
[WhiteTeam "Condom"]
[BlackTeam "Nice"]
[WhiteTeamCountry "FRA"]
[BlackTeamCountry "FRA"]

1. e4 e6 2. d4 d5 3. Nd2 Nf6 4. e5 Nfd7 5. Bd3 c5 6. c3 Nc6 7. Ne2 cxd4 8. cxd4 Qb6 9. Nf3 f6 10. exf6 Nxf6 11. a3 Bd6 12. b4 a6 13. h3 0-0 14. Be3 Qc7 15. Rc1 Qb8 16. Nc3 Bd7 17. Na4 b6 18. 0-0 Ne7 19. Ra1 Bxa4 20. Qxa4 b5 21. Qb3 Bf4 22. Rfe1 Nh5 23. Qb1 h6 24. Qd1 Bxe3 25. Rxe3 Nf4 26. Ne5 Nxd3 27. Rxd3 Qe8 28. Rc1 Ng6 29. Re3 Nxe5 30. Rxe5 Qf7 31. Qe1 Qf4 32. Rxe6 Qxd4 33. Rd1 Qb2 34. Rxd5 Qxa3 35. Qd2 Qa1+ 36. Re1 Qf6 37. Rd6 Qf4 38. Qa2+ Kh8 39. Qd2 Qxd2 40. Rxd2 1/2-1/2

[Event "FRA-chT2 South 0607"]
[Site "France"]
[Date "2007.03.17"]
[Round "8.8"]
[White "Benmesbah, Sarah"]
[Black "Penalver, Marion"]
[Result "1/2-1/2"]
[WhiteElo "1782"]
[BlackElo "1887"]
[PlyCount "64"]
[EventDate "2006.10.15"]
[EventType "team"]
[EventRounds "11"]
[EventCountry "FRA"]
[SourceTitle "EXT 2008"]
[Source "ChessBase"]
[SourceDate "2007.11.25"]
[SourceVersion "1"]
[SourceVersionDate "2007.11.25"]
[SourceQuality "1"]
[WhiteTeam "Condom"]
[BlackTeam "L'Isle sur la Sorgue"]
[WhiteTeamCountry "FRA"]
[BlackTeamCountry "FRA"]

1. e4 c5 2. Nc3 Nc6 3. f4 g6 4. Nf3 Bg7 5. a3 d6 6. Bc4 e6 7. Ba2 Nge7 8. d3 0-0 9. 0-0 Rb8 10. Qe1 b5 11. Qh4 b4 12. axb4 Nxb4 13. Bb3 Nec6 14. Ng5 h6 15. Rf3 hxg5 16. fxg5 Re8 17. Bf4 Nd4 18. Rh3 Nxb3 19. cxb3 e5 20. Qh7+ Kf8 21. Rf3 exf4 22. Rxf4 Rb7 23. h4 Nxd3 24. Rf3 Ne5 25. Rf4 Be6 26. Raf1 Rxb3 27. Nd5 Bxd5 28. exd5 Rb7 29. Rf6 Ke7 30. Qxg7 Rf8 31. Re6+ Kd7 32. Rff6 Rb6 1/2-1/2

[Event "FRA-chT2 South 0607"]
[Site "France"]
[Date "2007.02.11"]
[Round "7.8"]
[White "Benmesbah, Sarah"]
[Black "Cwiek, Perrine"]
[Result "0-1"]
[WhiteElo "1782"]
[BlackElo "1679"]
[PlyCount "94"]
[EventDate "2006.10.15"]
[EventType "team"]
[EventRounds "11"]
[EventCountry "FRA"]
[SourceTitle "EXT 2008"]
[Source "ChessBase"]
[SourceDate "2007.11.25"]
[SourceVersion "1"]
[SourceVersionDate "2007.11.25"]
[SourceQuality "1"]
[WhiteTeam "Condom"]
[BlackTeam "Tournefeuille"]
[WhiteTeamCountry "FRA"]
[BlackTeamCountry "FRA"]

1. e4 e5 2. Nf3 Nc6 3. Bb5 f5 4. Bxc6 dxc6 5. Nxe5 Qd4 6. Qh5+ g6 7. Nxg6 hxg6 8. Qxg6+ Kd8 9. d3 Bh6 10. Bxh6 Nxh6 11. Nc3 Ng4 12. Qg5+ Qf6 13. Qxf6+ Nxf6 14. Ke2 fxe4 15. dxe4 Be6 16. h3 Ke7 17. Rag1 Rh4 18. f3 Rg8 19. Kf2 Rd8 20. Rd1 Rf8 21. Rhe1 Nh5 22. a3 Rg8 23. Ne2 c5 24. g4 Ng7 25. Kg3 Rh6 26. f4 Nh5+ 27. Kf3 Nf6 28. Rh1 Rgh8 29. Ng1 Bxg4+ 30. hxg4 Rxh1 31. e5 Nxg4 32. Kxg4 Rg8+ 33. Kf5 Rhxg1 34. Rd3 Rf8+ 35. Ke4 Ke6 36. Rf3 Re1+ 37. Kd3 b5 38. b3 Ra1 39. Ke4 Re1+ 40. Kd3 Kd5 41. Rf2 Rxe5 42. c4+ bxc4+ 43. bxc4+ Ke6 44. Rf3 Re1 45. a4 Kf5 46. Rf2 Rd8+ 47. Kc3 Rc1+ 0-1

[Event "FRA-chT2 South 0607"]
[Site "France"]
[Date "2006.11.25"]
[Round "2.8"]
[White "Benmesbah, Sarah"]
[Black "Forestier, Carole"]
[Result "0-1"]
[WhiteElo "1787"]
[BlackElo "1832"]
[PlyCount "74"]
[EventDate "2006.10.15"]
[EventType "team"]
[EventRounds "11"]
[EventCountry "FRA"]
[SourceTitle "EXT 2008"]
[Source "ChessBase"]
[SourceDate "2007.11.25"]
[SourceVersion "1"]
[SourceVersionDate "2007.11.25"]
[SourceQuality "1"]
[WhiteTeam "Condom"]
[BlackTeam "Grasse"]
[WhiteTeamCountry "FRA"]
[BlackTeamCountry "FRA"]

1. e4 e6 2. d4 d5 3. e5 c5 4. f4 Qb6 5. Nf3 Nc6 6. c3 Bd7 7. Na3 cxd4 8. Nxd4 Bxa3 9. bxa3 Nge7 10. Nb5 0-0 11. Nd6 f6 12. Bd3 fxe5 13. Rb1 Qc5 14. Nxb7 Qxc3+ 15. Qd2 Qxd2+ 16. Bxd2 exf4 17. Nc5 Bc8 18. 0-0 e5 19. Bc3 Bf5 20. Rbe1 e4 21. Ba6 f3 22. gxf3 Bh3 23. Rf2 d4 24. Bb7 Rab8 25. Bb4 e3 26. Rfe2 Rxf3 27. Bxc6 Nxc6 28. Ne4 Nxb4 29. axb4 Rbf8 30. Ng3 h5 31. Rc2 d3 32. Rg2 Bxg2 33. Kxg2 Rf2+ 34. Kh3 d2 35. Rd1 e2 36. Nxe2 Rxe2 37. Kg3 Rd8 0-1

[Event "FRA-ch U20 Girls"]
[Site "Calvi"]
[Date "2005.04.22"]
[Round "7"]
[White "Benmesbah, Sarah"]
[Black "Penalver, Marion"]
[Result "0-1"]
[WhiteElo "1800"]
[BlackElo "1902"]
[PlyCount "70"]
[EventDate "2005.04.??"]
[EventType "swiss"]
[EventRounds "9"]
[EventCountry "FRA"]
[SourceTitle "EXT 2006"]
[Source "ChessBase"]
[SourceDate "2005.11.24"]
[SourceVersion "1"]
[SourceVersionDate "2005.11.24"]
[SourceQuality "1"]

1. e4 c5 2. Nc3 Nc6 3. f4 g6 4. Nf3 Bg7 5. a3 e6 6. b4 cxb4 7. axb4 Nge7 8. e5 d6 9. b5 Nb8 10. Ne4 dxe5 11. Bb2 0-0 12. fxe5 Nd7 13. Bc4 Qc7 14. Nf6+ Nxf6 15. exf6 Qxc4 16. fxg7 Rd8 17. Bf6 Re8 18. Qc1 Qxb5 19. Bxe7 Rxe7 20. Qa3 Re8 21. Qc3 e5 22. Rf1 f6 23. Ra5 Qb6 24. Nxe5 Kxg7 25. Rc5 Re7 26. d3 Bf5 27. Kd2 Rxe5 28. Rxe5 fxe5 29. Qxe5+ Kg8 30. Rxf5 gxf5 31. Qd5+ Kg7 32. Qe5+ Qf6 33. Qc7+ Qf7 34. Qe5+ Kg8 35. Qg3+ Qg7 0-1

[Event "FRA-ch U20 Girls"]
[Site "Calvi"]
[Date "2005.04.21"]
[Round "6"]
[White "Chaumont, Adeline"]
[Black "Benmesbah, Sarah"]
[Result "1-0"]
[WhiteElo "2047"]
[BlackElo "1800"]
[PlyCount "31"]
[EventDate "2005.04.??"]
[EventType "swiss"]
[EventRounds "9"]
[EventCountry "FRA"]
[SourceTitle "EXT 2006"]
[Source "ChessBase"]
[SourceDate "2005.11.24"]
[SourceVersion "1"]
[SourceVersionDate "2005.11.24"]
[SourceQuality "1"]

1. d4 f5 2. c4 Nf6 3. Nc3 e6 4. Nf3 Bb4 5. Qc2 c5 6. e3 Ne4 7. Bd3 Bxc3+ 8. bxc3 Nf6 9. 0-0 Qe7 10. a4 0-0 11. d5 d6 12. e4 fxe4 13. Bxe4 e5 14. Bg5 h6 15. Bh7+ Kh8 16. Nh4 1-0

[Event "FRA-ch U20 Girls"]
[Site "Calvi"]
[Date "2005.04.18"]
[Round "2"]
[White "Wolfangel, Florence"]
[Black "Benmesbah, Sarah"]
[Result "1-0"]
[WhiteElo "1926"]
[BlackElo "1800"]
[PlyCount "127"]
[EventDate "2005.04.??"]
[EventType "swiss"]
[EventRounds "9"]
[EventCountry "FRA"]
[SourceTitle "EXT 2006"]
[Source "ChessBase"]
[SourceDate "2005.11.24"]
[SourceVersion "1"]
[SourceVersionDate "2005.11.24"]
[SourceQuality "1"]

1. d4 f5 2. c4 Nf6 3. Nc3 e6 4. Nf3 d5 5. e3 c6 6. Bd3 Bd6 7. Rb1 0-0 8. 0-0 Nbd7 9. b4 Ne4 10. Qc2 Ndf6 11. b5 c5 12. dxc5 Bxc5 13. cxd5 Nxc3 14. Qxc3 Qxd5 15. Bc4 Ne4 16. Qb3 Qd6 17. Bb2 Qe7 18. Rbd1 b6 19. Nd4 Bxd4 20. Rxd4 Nc5 21. Qc2 Bb7 22. Ba3 Qg5 23. f4 Qf6 24. Rd6 Rfe8 25. Bxc5 bxc5 26. Qb3 Bc8 27. Qa3 Bb7 28. Qxc5 Rac8 29. Qd4 Qxd4 30. Rxd4 Rc5 31. Rfd1 Bd5 32. Bxd5 exd5 33. Rxd5 Rxd5 34. Rxd5 Rxe3 35. Rd8+ Kf7 36. Rd7+ Re7 37. Rd3 Re1+ 38. Kf2 Rb1 39. Rd7+ Kf8 40. Rxa7 Rxb5 41. a4 Rb2+ 42. Kg3 Rb3+ 43. Kh4 Rb2 44. Kh3 Rb3+ 45. g3 h6 46. Kh4 Rb2 47. h3 Rb4 48. Kh5 Kg8 49. Kg6 Rb6+ 50. Kxf5 Rb3 51. Kg4 Kh7 52. a5 Rb5 53. Kh4 Rb4 54. a6 Ra4 55. Kg4 Kg6 56. h4 Ra5 57. h5+ Kh7 58. Ra8 Ra3 59. a7 Ra5 60. Kf3 Ra4 61. Ke3 g6 62. hxg6+ Kxg6 63. Rg8+ Kf7 64. a8Q 1-0

[Event "France-ch U18 Girls"]
[Site "Reims"]
[Date "2004.04.18"]
[Round "2"]
[White "Bermond, Stephanie"]
[Black "Benmesbah, Sarah"]
[Result "1/2-1/2"]
[WhiteElo "2030"]
[BlackElo "1870"]
[PlyCount "32"]
[EventDate "2004.04.??"]
[EventType "swiss"]
[EventRounds "9"]
[EventCountry "FRA"]
[SourceTitle "EXT 2005"]
[Source "ChessBase"]
[SourceDate "2004.11.15"]
[SourceVersion "1"]
[SourceVersionDate "2004.11.15"]
[SourceQuality "1"]

1. f4 f5 2. Nf3 e6 3. e3 d5 4. b3 Bd6 5. Bb2 Nf6 6. d3 c6 7. Be2 0-0 8. 0-0 Bc5 9. d4 Bd6 10. Ne5 Ne4 11. Nd2 Nd7 12. Ndf3 g5 13. Nxd7 Bxd7 14. Ne5 g4 15. Bd3 Bxe5 16. dxe5 Qb6 1/2-1/2